书目信息 |
| 题名: |
淮北的盛衰
|
|
| 作者: | 吴海涛 著 | |
| 分册: | ||
| 出版信息: | 北京 社会科学文献出版社 2005.08 |
|
| 页数: | 264页 | |
| 开本: | 21cm | |
| 丛书名: | ||
| 单 册: | ||
| 中图分类: | F127.54 | |
| 科图分类: | ||
| 主题词: | 地区经济--di qu jing ji--流域经济--经济史--淮北地区 | |
| 电子资源: | ||
| ISBN: | 7-80190-674-8 | |
| 000 | 01657nam0 2200277 450 | |
| 001 | 012006773106 | |
| 005 | 20060630162049.45 | |
| 010 | @a7-80190-674-8@dCNY20.00 | |
| 100 | @a20060611d2005 km y0chiy0120 ea | |
| 101 | 0 | @achi |
| 102 | @aCN@b110000 | |
| 105 | @aab a 000yy | |
| 200 | 1 | @a淮北的盛衰@Ahuai bei de sheng shuai@d= The vicissitude of Huaibei from prosperity to decline@e成因的历史考察@f吴海涛著@Fwu hai tao zhu@zeng |
| 210 | @a北京@c社会科学文献出版社@d2005.08 | |
| 215 | @a264页@c图, 地图@d21cm | |
| 300 | @a本书由安徽省重点人文社科研究基金地皖北文化研究中心科研项目基金资助 | |
| 314 | @a吴海涛,男,1964年9月生,安徽亳州市人。历史学博士,教授,安徽省中青年学科带头人培养对象,安徽省重点人文社科基地皖北文化研究中心负责人之一。主要从事中国古代史和区域社会经济史研究。先后在《中国史研究》、《中国农史》、《中国历史地理论丛》等刊物上发表学术论文三十余篇。 | |
| 320 | @a有书目 (第250-262页)。 | |
| 330 | @a本书选取在中国历史上曾扮演过重要角色的淮北地区为研究对象,从经济发展水平、水利事业兴废、自然灾害、战乱和移民等方面,探讨了古代淮北经济的盛衰轨迹及其原因。淮北经济在北宋之前,虽有时发展速度放慢,甚至出现暂时倒退,但总体上发展较快;金以后,从纵的方面看,仍在缓慢发展,从横向看,淮北已失去昔日经济重心地位,日渐落后于江浙等地。水利事业荒废、自然灾害频仍、战乱不断、劳动力外徙等是淮北经济由盛而衰的主要原因。 | |
| 510 | 1 | @aVicissitude of Huaibei from prosperity to decline@zeng |
| 517 | 1 | @a成因的历史考察@Acheng yin de li shi kao cha |
| 606 | 0 | @a地区经济@Adi qu jing ji@x流域经济@x经济史@y淮北地区 |
| 690 | @aF127.54@v4 | |
| 701 | 0 | @a吴海涛@Awu hai tao@4著 |
| 801 | 0 | @aCN@bQSSK@c20060630 |
| 905 | @a10447@dF127.54@eW796 | |
| 淮北的盛衰= The vicissitude of Huaibei from prosperity to decline:成因的历史考察/吴海涛著.-北京:社会科学文献出版社,2005.08 |
| 264页:图, 地图;21cm |
| 本书由安徽省重点人文社科研究基金地皖北文化研究中心科研项目基金资助 |
| ISBN 7-80190-674-8:CNY20.00 |
| 本书选取在中国历史上曾扮演过重要角色的淮北地区为研究对象,从经济发展水平、水利事业兴废、自然灾害、战乱和移民等方面,探讨了古代淮北经济的盛衰轨迹及其原因。淮北经济在北宋之前,虽有时发展速度放慢,甚至出现暂时倒退,但总体上发展较快;金以后,从纵的方面看,仍在缓慢发展,从横向看,淮北已失去昔日经济重心地位,日渐落后于江浙等地。水利事业荒废、自然灾害频仍、战乱不断、劳动力外徙等是淮北经济由盛而衰的主要原因。 |
| ● |
| 相关链接 |
|
|
|
正题名:淮北的盛衰
索取号:F127.54/W796
 
预约/预借
| 序号 | 登录号 | 条形码 | 馆藏地/架位号 | 状态 | 备注 |
| 1 | 583742 | 205837424 | 社科二线422/409社科库 70排4列3层/ [索取号:F127.54/W796] | 在馆 | |
| 2 | 583743 | 205837433 | 社科库409/409社科库 70排4列3层/ [索取号:F127.54/W796] | 在馆 | |
| 3 | 583744 | 205837442 | 社科二线422/409社科库 70排4列3层/ [索取号:F127.54/W796] | 在馆 |